000 00524nam a22002057a 4500
003 LK-CoMWRAF
005 20231215122535.0
008 231215b1994 |||||||| |||| 00| 0 eng d
020 _a1857780469
040 _aLK-CoMWRAF
_dLK-CoMWRAF
_eLK-CoMWRAF
041 _aeng
082 _a746.46
_bMOR
100 _aMore, Hilary
245 _aPatchwork
260 _aLondon:
_bSunburst books,
_c 1994
300 _a 96 p. : ill. ; 20 cm.
_bIndex included
490 _aSunburst handguides
650 _aPATCHWORK
942 _cBK
999 _c4484
_d4484